Central Library and Information Centre
Sibsagar Girls' College, Sivasagar : Assam

GEOGRAPHY TEACHING (Record no. 2750)

MARC details
000 -LEADER
fixed length control field 00449cam a2200193ua 4500
008 - FIXED-LENGTH DATA ELEMENTS--GENERAL INFORMATION
fixed length control field 161107n1987 II |||gr||||Z||||||eng
040 ## - CATALOGING SOURCE
Original cataloging agency MAIN
041 ## - LANGUAGE CODE
-- English
082 ## - DEWEY DECIMAL CLASSIFICATION NUMBER
Classification number 910 VAR
100 ## - MAIN ENTRY--PERSONAL NAME
Personal name VARMA, S. P.
245 ## - TITLE STATEMENT
Title GEOGRAPHY TEACHING
250 ## - EDITION STATEMENT
Edition statement 3RD.
260 ## - PUBLICATION, DISTRIBUTION, ETC.
Place of publication, distribution, etc. NEW DELHI
Name of publisher, distributor, etc. STERLING PUBLISHERS
Date of publication, distribution, etc. 1987
300 ## - PHYSICAL DESCRIPTION
Extent 350:
Dimensions 20CM.
700 ## - ADDED ENTRY--PERSONAL NAME
Personal name VARMA, S. P.,
Relator term AUTHOR.
942 ## - ADDED ENTRY ELEMENTS (KOHA)
Koha item type Books
653 ## - INDEX TERM--UNCONTROLLED
Uncontrolled term Geography & travel
Holdings
Withdrawn status Lost status Damaged status Not for loan Collection code Home library Current library Shelving location Date acquired Full call number Barcode Date last seen Copy number Price effective from Koha item type Public note
        TBGEO Central Library and Information Centre Sibsagar Girls College Central Library and Information Centre Sibsagar Girls College GEOGRAPHY BOOK RACK 11.09.1989 910 VAR 10918 27.02.2020 1 27.02.2020 Books V


Sibsagar Girl's College © 2020. All rights reserved.
Powered by Koha.
Maintained by Abhijit Borpuzari.